[Event "IND-ch 51st"]
[Site "Jalgaon"]
[Date "2013.12.20"]
[Round "4"]
[White "Stany, George Anthony"]
[Black "Sasikiran, Krishnan"]
[Result "0-1"]
[WhiteElo "2397"]
[BlackElo "2666"]
[Annotator "Sasikiran,K"]
[PlyCount "98"]
[EventDate "2013.12.17"]
[EventType "tourn"]
[EventRounds "13"]
[EventCountry "IND"]
[EventCategory "10"]
[SourceTitle "CBM 158"]
[Source "ChessBase"]
[SourceDate "2014.01.16"]
[SourceVersion "1"]
[SourceVersionDate "2014.01.16"]
[SourceQuality "1"]

{This game was voted as the best of the day of the Indian National Premier in
an online poll in Facebook.} 1. e4 c5 2. Nf3 d6 3. Bb5+ Nd7 4. d4 cxd4 5. Qxd4
a6 6. Bxd7+ Bxd7 7. c4 Nf6 8. Bg5 e6 9. Nc3 Be7 10. O-O O-O $5 (10... Bc6 $5
11. Qd3 {was played in the Carlsen-Anand World Championship match at Chennai
2013. Being Anand's second was an excellent experience to me and I certainly
learnt a lot.}) 11. Qd3 $6 {Played extremely quickly. While preparing for the
game, I got the impression that Stany sometimes misses the correct move order.}
(11. Bxf6 Bxf6 (11... gxf6 12. a4 $5 {looks somewhat pleasant for White
although there is a lot of play in the position.}) 12. Qxd6 Bxc3 13. bxc3 Bc6 {
looked equal to me, but with so many pawn islands, it certainly does not look
appealing to White.}) (11. Rad1 Bc6 12. Qd3 {transposes to Fressinet,L (2708)
-Ponomariov,R FIDE Grand Prix Sep 2013.}) 11... h6 $1 {A key move in my
opinion. Black forces White to take a decision about the bishop. Moving to h4
the bishop may be sidelined sometimes with ...g5 and ...e5 (after the queens
are exchanged). If the bishop moves along the c1-h6 diagonal then Bxf6 is no
longer a threat and Black can breathe more freely.} 12. Be3 $6 {Another so-so
move which allows Black to take over the initiative.} (12. Bh4 {I was intending
} Qc7 ({Stany was afraid of} 12... g5 $6 13. Bg3 e5 {but} 14. c5 $1 {opens the
centre to White's benefit.} dxc5 15. Qe3 $1 {and the open kingside will cause
Black's downfall.} (15. Nxe5 Bb5 $1 (15... Be6 16. Qe2 {with f4 to follow and
the weakening with g5 will prove fatal.} (16. Qf3 $5 {with Rad1 and Nd5 to
follow is also strong.})) 16. Qf3 Bxf1 17. Rxf1 Qb6 18. h4 {it seems White
will have sufficient compensation for the exchange although not more.})) 13.
Rfd1 Rfd8 {with a long game in prospect.}) (12. Bf4 {appears more critical to
me.} e5 13. Be3 b5 14. b3 {with many possibilites for both sides.}) 12... b5 $1
{A rather natural move trying to break the Maroczy bind. After the text move
Stany realised something had gone amiss and began to spend a lot of time over
his next few moves.} 13. cxb5 (13. b3 Rc8 $5 14. cxb5 axb5 15. Nxb5 Nxe4 $1 16.
Na7 $6 Nc5 $1 $17) (13. e5 bxc4 14. Qxc4 dxe5 15. Nxe5 Bb5 $1 16. Nxb5 axb5 17.
Qc2 (17. Qxb5 Ra5 $19) 17... Nd5 {again Black's position is easier to play
with such a knight on d5.}) 13... axb5 14. a3 Qb8 $1 {Another multipurpose
move. Black stops e5 and prepares to move the queen to b7 where it can
pressurise e4 along the diagonal. it also clears the c8-square for the rook.}
15. Bd2 $1 {Stopping b4 and asking Black to show a plan. Although Black has
two bishops it is not easy to open up the centre.} e5 $5 {A rather committal
move. But if White manages to bring the knight to c2 (via d4), I felt White
has less to fear.} (15... Rc8 16. Nd4 Be8 17. Ndxb5 Nxe4 18. Qxe4 Bxb5 19. Nxb5
Qxb5 20. Bc3 Ra4 21. Qf3 Rac4 {here the engine shows some advantage for Black.
However, still Black has to disturb the Bc3 (with d5-d4) to claim any edge.}) (
15... Qb7 16. Nd4 Rab8 17. Nc2 $5 Rfc8 18. Nb4 Rc4 19. Rfe1) 16. Nh4 $5 {
The right idea but played with the wrong intentions. With the black pawn on h6
Black will be unable to tolerate a knight on f5 and will be forced to exchange
Bxf5 when the two bishops edge will vanish.} Rc8 17. f4 $2 {With the rook
moved from f8 Stany wants to open the f-file, but the text weakens the king
and opens up the position for the black bishops.} ({Better was} 17. Rfd1 Qb7
18. Nf5 Bxf5 19. exf5 b4 20. axb4 Rxa1 21. Rxa1 d5 22. Qb5 Rb8 23. Qxb7 Rxb7 {
and Black has somewhat the better endgame due to the better pawn structure.}) (
17. Nf5 Bxf5 18. exf5 d5 $1 19. Qxb5 (19. Nxb5 e4 20. Qb3 Bc5 $1 21. Be3 (21.
a4 d4 {followed by ...Qe5 and Black's initiative is more dangerous than the
queenside pawns.}) 21... Ng4 22. g3 Nxe3 23. fxe3 Bxe3+ 24. Qxe3 Qxb5 25. f6
Qxb2 26. fxg7 Rc6 $5 $17) (19. Nxd5 $2 Nxd5 20. Qxd5 Rd8 $19) 19... d4 20. Qxb8
Rcxb8 21. Nd1 Ne4 22. Be1 Nc5 $1 23. Rc1 Nd3 24. Rc2 Rb3 $1 {with powerful
compensation.}) 17... b4 $1 {Played quickly for maximum effect. It is quite
obvious that after the exchange on the a-file, White's pieces lack
co-ordination.} 18. axb4 Rxa1 19. Rxa1 exf4 $6 {Here I missed an opportunity.}
(19... Qb6+ $1 20. Be3 (20. Qe3 Qxe3+ 21. Bxe3 Ng4 {wins a piece}) 20... Qxb4
21. Rb1 (21. fxe5 Qxb2 $1 {was the key point, winning.}) 21... exf4 22. Bd4 Bd8
$5 $17) (19... Ng4 20. Nf5 $1 Bxf5 21. Nd5 $1 {discouraged me about the ...Ng4
tricks, however later it was available; see game.}) 20. Nf5 (20. Bxf4 Qxb4 21.
Rb1 d5 $1 22. Nxd5 Nxd5 23. Qxd5 Be6 24. Qh5 Qxe4 $19) (20. h3 d5 21. Nf3 Bxb4
22. Nxd5 Nxd5 23. exd5 Bc5+ 24. Kh1 Qxb2 $17) 20... Bxf5 21. exf5 Qxb4 22. Na4
(22. Nd1 Qb6+ 23. Kf1 d5 $17) 22... Qb7 23. Bxf4 d5 $6 (23... Ng4 $1 {was
clearly stronger and the queen and knight tandem wins the day.} 24. Qg3 (24.
Bg3 Qa7+ 25. Kh1 Qxa4 $1 $19) 24... Qa7+ 25. Kh1 Nf2+ 26. Kg1 Nd1+ 27. Kf1 Rc4
$3 28. Bxh6 Rg4 $1 $19) 24. b3 (24. h3 Qa7+ 25. Be3 Bc5 $1 26. Bxc5 Rxc5 27.
Kh2 Rc4 28. b3 Re4 {followed by ...Re3 wins.}) 24... Ng4 $6 (24... Qa7+ $1 {
was more accurate} 25. Be3 (25. Kh1 Ng4 26. Bg3 Bd6 27. h3 Bxg3 28. Qxg3 Nf2+
29. Kh2 Ne4 $19) 25... Bc5 $1 26. Bxc5 Rxc5 27. Nxc5 Qxa1+ 28. Qf1 Qd4+ 29. Qf2
Qd1+ 30. Qf1 Qc2 31. b4 Ng4 $19) 25. Bg3 Bg5 26. Bf2 {Here I had about 30
minutes left for the time control whereas my opponent had about 7 or 8 minutes
left. With all my pieces working well, I felt there must be a combinative
solution available. However, after 15 minutes thought I could not find
anything better than the text move.} d4 $6 (26... Re8 $1 {invading e3 was the
way to go.} 27. Bc5 (27. Nc5 Nxf2 $1 28. Kxf2 Qc7 $19) 27... Be3+ 28. Bxe3 Rxe3
$19) 27. Bxd4 (27. Qxd4 Nxf2 28. Qxf2 Qxb3 $19) 27... Rd8 ({A much stronger
try was} 27... Qd5 28. Nb6 Qd6 29. Nxc8 Be3+ $1 30. Qxe3 Qxh2+ 31. Kf1 Nxe3+
32. Bxe3 Qe5 $19 {winning a piece.}) 28. Qf3 Qxf3 29. gxf3 Rxd4 30. fxg4 Rxg4+
31. Kh1 Rf4 {Here my calculations ended when I played 26...d4, I felt with a
pawn up and a bishop against knight with pawns on either side of the board,
the win was not far off.} 32. Rb1 Rxf5 33. b4 Rf4 $1 {By disturbing the knight
Black brings the rook into play, simultaneously preventing the advance of the
b-pawn.} 34. Nc3 Rc4 35. Nd5 (35. Nd1 Bd8 $1 36. Ne3 (36. b5 Bb6 $19) 36... Rc3
37. Rd1 Bg5 38. Nd5 Rb3 {and the rook comes behind the passed b-pawn and the
win becomes a matter of time.}) 35... Rd4 36. Nc7 Bd8 37. Na6 Bb6 (37... Rd2 $1
{was more accurate.}) 38. Rc1 Rd6 39. Rc8+ Kh7 40. Nb8 Rd4 41. Nc6 (41. Na6 g5
42. Rc6 Rd1+ 43. Kg2 Bd4 $19) 41... Rc4 $1 {The pin on the knight wins more
material as now b5 is answered with ...Rc5 winning the b5-pawn. Otherwise
Black simply improves on the kingside.} 42. Kg2 h5 43. Kf3 g5 44. Ke2 Rc2+ 45.
Kd3 Rxh2 46. Rb8 Bg1 $5 {Not the only move to win, but the most logical.
Black's bishop leaves space for the rook on h2 as well.} 47. b5 g4 48. Ne5 Rh3+
49. Ke4 (49. Kc4 g3 50. Rb7 Rh4+ 51. Kd5 Rd4+ 52. Kc6 Rf4 53. Nxf7 Bd4 $1 {
wins.}) 49... Re3+ (49... Re3+ 50. Kd5 Rxe5+ $1 51. Kxe5 Bh2+ $19) 0-1

[Event "Dubai op 18th"]
[Site "Dubai"]
[Date "2016.04.19"]
[Round "9"]
[White "Jones, Gawain C B"]
[Black "Savchenko, Boris"]
[Result "1-0"]
[WhiteElo "2650"]
[BlackElo "2607"]
[Annotator "Schulz,Andre"]
[PlyCount "73"]
[EventDate "2016.04.11"]
[EventType "swiss"]
[EventRounds "9"]
[EventCountry "UAE"]
[SourceTitle "CBM 172 Extra"]
[Source "ChessBase"]
[SourceDate "2016.06.21"]
[SourceVersion "1"]
[SourceVersionDate "2016.06.21"]
[SourceQuality "1"]

1. e4 c5 2. Nf3 Nc6 3. Bb5 d6 4. O-O Bd7 5. Re1 Nf6 6. c3 a6 7. Bc4 Bg4 8. d4
e6 9. d5 Ne5 10. Be2 Nxf3+ 11. Bxf3 Bxf3 12. Qxf3 e5 13. a4 g6 14. Na3 Nd7 15.
Be3 Be7 16. Nc4 b6 17. Bh6 Qc7 18. Qh3 Bf8 19. Bxf8 Kxf8 20. Qh6+ Ke7 21. f4 {
Linienöffnung vor dem schwarzen König im Zentrum.} Raf8 {[#]} 22. Rad1 {
Nun droht zweimal Schlagen auf e5, gefolgt von d6 mit Damengewinn.} b5 $2 {
Schwarz unternimmt nichts gegen die weiße Drohung.} ({Nötig war} 22... f6)
23. Nxe5 dxe5 24. d6+ Qxd6 25. Rxd6 Kxd6 26. fxe5+ Nxe5 27. Qd2+ Kc7 28. Qd5
Nc6 29. axb5 axb5 30. Qxc5 {Schwarz hat Turm und Springer für die Dame, aber
mit dem König im offenen Gelände kann man kaum lange überleben.} Re8 31. Ra1
Ra8 32. Rf1 Rhd8 33. Rxf7+ Rd7 34. Rxd7+ Kxd7 35. Qxb5 Kc7 36. Qc4 Rd8 37. b4
1-0

[Event "Linares 12th"]
[Site "Linares"]
[Date "1994.??.??"]
[Round "8"]
[White "Shirov, Alexei"]
[Black "Kasparov, Garry"]
[Result "1/2-1/2"]
[WhiteElo "2705"]
[BlackElo "2805"]
[Annotator "Shirov,A"]
[PlyCount "58"]
[EventDate "1994.02.??"]
[EventType "tourn"]
[EventRounds "13"]
[EventCountry "ESP"]
[EventCategory "18"]
[SourceTitle "CBM 040"]
[Source "ChessBase"]
[SourceDate "1994.06.01"]
[SourceVersion "1"]
[SourceVersionDate "1994.06.01"]
[SourceQuality "1"]

1. e4 c5 2. Nf3 d6 3. Bb5+ Nd7 4. O-O Ngf6 5. Re1 a6 6. Bf1 b6 7. d4 (7. c4 e6
8. Nc3) 7... cxd4 8. Nxd4 Bb7 9. f3 e6 10. a4 Be7 (10... Rc8 11. b3 (11. a5 b5
{xc4}) 11... Be7 12. Bb2 O-O 13. Nd2 $10) 11. a5 b5 (11... bxa5 12. Bd2) (11...
O-O 12. axb6 Qxb6 13. Kh1 (13. Be3 Qxb2 14. Nd2 $13)) 12. c4 bxc4 13. Bxc4 O-O
(13... Ne5 14. Bf1 (14. Bxe6 $6 fxe6 15. Nxe6 Qd7 16. Nxg7+ Kf7 17. Nf5 Rag8
18. Nh6+ Kf8 19. Nxg8 Rxg8 20. Kh1 h5 $44)) (13... d5 14. exd5 Nxd5 15. Nc3 (
15. Rxe6 $6 fxe6 16. Nxe6 Qc8 $17) (15. Nf5 Bc5+ 16. Kh1 O-O 17. Bxd5 Bxd5 18.
Be3 $14) 15... Nxc3 16. bxc3 {xe6}) 14. Nc3 (14. Bxe6 $5 fxe6 15. Nxe6 Qc8 16.
Nxf8 Bxf8 17. Nc3 $14) 14... Ne5 15. Bf1 (15. Bxe6 fxe6 16. Nxe6 Qd7 17. Nxf8
Rxf8 $13) 15... Qc7 (15... Rc8 16. Qb3 Rb8 17. Qa4 $13) 16. Be3 d5 17. exd5
Nxd5 18. Nxd5 Bxd5 19. Nf5 (19. Bf4 Bd6 (19... Bf6 20. Kh1 $14) 20. Kh1 Ng6 $10
) 19... Bb4 (19... Bc5 20. Bxc5 Qxc5+ 21. Qd4 Qxd4+ 22. Nxd4 Nc6 23. Nxc6 Bxc6
24. Rec1 Bd5 25. b4 $14) 20. Bb6 Qb8 (20... Bc5+ $2 21. Kh1 $1) 21. Qd4 (21.
Re3 Nc6 $17) 21... Bxe1 22. Rxe1 exf5 23. Qxd5 Re8 24. Rc1 Re6 25. b4 (25. Bc7
Qe8 $17) 25... h5 (25... Rd6 $1 26. Qb3 (26. Qxe5 Rxb6 $19) 26... Rxb6 27. axb6
Qxb6+ 28. Kh1 Rb8 29. Qd5 $15) 26. Bc7 Qa7+ (26... Qe8 27. b5 $44) 27. Bb6 Qb8
28. Bc7 Qa7+ 29. Bb6 Qb8 (29... Rxb6 30. axb6 Qxb6+ 31. Qc5 (31. Kh1 Re8 32.
Re1 Qf2 $1) 31... Qf6 32. Rd1 $44) 1/2-1/2